000 00544nam a2200193Ia 4500
003 OSt
005 20240926142813.0
008 220927b |||||||| |||| 00| 0 eng d
037 _cTextual
040 _aSDCL
_cSDCL
_bhin
041 _2hin
_ahin
082 _aY:1.2'A K7
100 _aUpadhye, Baldev
_9413208
245 0 _aVedik sahitye aur sanskriti.
260 _aVaranasi :
_bVaranasi Sanskrit Vishavvidhayle,
_c1967.
300 _a321p.
942 _hY:1.2'A K7
_cTEXL
_2CC
999 _c728978
_d728978